000 01270cam a2200325 i 4500
001 6391
003 FISKH
005 20250428113609.0
008 150806s2016 nyua j b 001 0 eng c
010 _a 2015027383
020 _a9780531224823 (library binding : alk. paper)
020 _a9780531222720 (pbk. : alk. paper)
040 _aNJQ/DLC
_beng
_cNJQ
_erda
_dDLC
050 _aTL152 .M37
082 _a629.2
100 1 _aMarsico, Katie,
_d1980-
_eauthor.
245 1 0 _aSelf-driving cars /
_cKatie Marsico.
260 _aNew York :
_bScholastic,
_c2016.
300 _a48 pages :
_bcolor illustrations ;
_c22 cm
490 1 _aA true book
504 _aIncludes bibliographical references and index.
520 _a"Learn all about the amazing technology behind self-driving cars, from how they navigate to how they keep passengers safe."--
_cProvided by publisher.
650 0 _aAutomated vehicles
_vJuvenile literature.
650 0 _aAutomobiles
_xAutomatic control
_vJuvenile literature.
650 0 _aAutomobile industry and trade
_xTechnological innovations
_vJuvenile literature.
650 0 _aAutomobiles
_xDesign and construction
_vJuvenile literature.
906 _a7
_bcbc
_corignew
_d1
_eecip
_f20
_gy-gencatlg
942 _2ddc
_cBK
_n0
999 _c6391
_d6391